[Event "Interzonal-16"]
[Site "Biel"]
[Date "1993.??.??"]
[Round "2"]
[White "Kramnik, Vladimir"]
[Black "Abramovic, Bosko"]
[Result "1-0"]
[WhiteElo "2710"]
[BlackElo "2460"]
[Annotator "Ftacnik,L"]
[PlyCount "57"]
[EventDate "1993.07.16"]
[EventType "swiss"]
[EventRounds "13"]
[EventCountry "SUI"]
[SourceTitle "CBM 037"]
[Source "ChessBase"]
[SourceDate "1993.12.01"]
[SourceVersion "1"]
[SourceVersionDate "1993.12.01"]
[SourceQuality "1"]

1. Nf3 Nf6 2. c4 e6 3. Nc3 d5 4. d4 Be7 5. Bf4 c6 6. e3 Nbd7 7. Qc2 Nh5 (7...
Qa5 8. Bd3 dxc4 9. Bxc4 Nd5 10. Bg3 N7b6 11. Bb3 c5 12. dxc5 Nxc3 13. cxb6 Ne4+
14. Kf1 Nc5 15. Ne5 axb6 16. Kg1 O-O 17. h3 h5 18. Kh2 Bf6 19. Nc4 Qb5 20. Rhd1
Bd7 21. h4 Bc6 22. f3 Nxb3 23. axb3 Rxa1 24. Rxa1 $10 {List-Soultanbeieff/
Zaanstreek (08)/1946/}) (7... O-O 8. h3 Re8 9. O-O-O (9. Bd3 Nf8 10. g4 Bd6 11.
Ne5 dxc4 12. Bxc4 Nd5 13. O-O-O Nxf4 14. exf4 b5 15. Bd3 f6 16. Be4 Bb7 17. Nd3
Qb6 18. Kb1 a5 19. Nc5 Rad8 20. Ne2 Bc8 21. Rc1 e5 22. dxe5 fxe5 23. f5 Re7 24.
Rhd1 $16 {Sezedenko,V-Mainapalert,T/Manila olm/1992/}) 9... Qa5 10. cxd5 exd5
11. Kb1 Bb4 12. Rc1 Ne4 13. Nxe4 dxe4 14. Ng5 Nb6 15. f3 h6 16. Nxe4 Be6 17. a3
Qd5 18. Nc3 Bxc3 19. bxc3 Bf5 20. e4 Rxe4 21. fxe4 Bxe4 22. Bd3 Bxd3 23. Qxd3
Qb3+ {0,5/Ostenstad,B-Lein,A/Gausdal Int (6)/1990/}) 8. Bg3 Nxg3 9. hxg3 g6 $6
(9... h6 10. Bd3 O-O 11. O-O-O $14) 10. Bd3 O-O 11. O-O-O dxc4 (11... b6 12.
cxd5 exd5 13. Rh6 Bb7 14. Rdh1 Nf6 15. Ne5 $16) 12. Bxc4 b5 13. Bd3 Qa5 (13...
Bb7 14. Rh6 Nf6 15. Rdh1 $16) 14. Kb1 Ba6 (14... b4 15. Ne4 c5 16. Nfd2 cxd4
17. exd4 Qb6 18. Nb3 Bb7 19. Qc1 {/\ Qh6}) 15. Ne4 Rfc8 16. Neg5 $1 Nf8 (16...
h5 $2 17. Bxg6 $18) 17. Nxh7 $1 c5 (17... Nxh7 18. Bxg6 Nf8 (18... Nf6 19. Ne5
Rf8 20. Rh6 $18) 19. Bh7+ Kg7 20. Qe4 Bf6 21. Qg4+ Ng6 22. Qh5 Kf8 23. Bxg6
fxg6 24. Qxg6 $18) 18. Nxf8 cxd4 (18... Bxf8 19. Bxg6 fxg6 20. Qxg6+ Bg7 21.
Ng5 Rc7 22. Rh8+ $1 Kxh8 23. Qh7#) 19. Qb3 Bxf8 (19... Kxf8 20. Nxd4 Qb6 21.
Bxg6 $1 $18) 20. Bxg6 $1 b4 (20... fxg6 21. Qxe6+ Kg7 22. Rh7+ Kxh7 23. Qf7+
$18) (20... dxe3 21. Bxf7+ Kxf7 22. Ng5+ Kg7 23. Rh7+ $18) 21. Bh7+ Kg7 22.
Rxd4 Bc5 (22... Kf6 23. Rf4+ Ke7 24. Bg8 $18) 23. Rd7 Be7 24. Bd3 (24. Rxe7 Bc4
25. Ne5 Qxe5 (25... Bxb3 26. Rxf7+ Kh8 27. Ng6#) 26. Qxb4 Rab8 $16) 24... Rd8 (
24... Bxd3+ 25. Qxd3 Rh8 26. Qd4+ Bf6 27. Qg4+ Kf8 28. Rxh8+ Bxh8 29. Ng5 Qe5
30. Rxf7+ Ke8 31. Qxb4 $18) 25. Rd4 Bxd3+ (25... Rxd4 26. Nxd4 $18) 26. Qxd3
Bf6 27. Qh7+ Kf8 28. Rf4 Ke7 (28... Bg7 29. Nh4 f6 30. Rg4 Qc7 31. Ng6+ Kf7 32.
Nf4 $18) 29. Rxf6 (29. Rxf6 Kxf6 30. Qh4+ Kg6 31. Qh6+ Kf5 32. Qf4+ Kg6 33.
Rh6+ Kg7 34. Qf6+) 1-0

[Event "Altensteig"]
[Site "Altensteig"]
[Date "1991.??.??"]
[Round "3"]
[White "Muse, Mladen"]
[Black "Van der Sterren, Paul"]
[Result "0-1"]
[WhiteElo "2445"]
[BlackElo "2485"]
[Annotator "Ftacnik,L"]
[PlyCount "100"]
[EventDate "1991.07.??"]
[EventType "tourn"]
[EventRounds "11"]
[EventCountry "GER"]
[EventCategory "11"]
[SourceTitle "CBM 025"]
[Source "ChessBase"]
[SourceDate "1991.12.01"]
[SourceVersion "1"]
[SourceVersionDate "1991.12.01"]
[SourceQuality "1"]

1. d4 Nf6 2. c4 e6 3. Nf3 d5 4. Nc3 Be7 5. Bf4 O-O 6. e3 c5 7. dxc5 Bxc5 8. a3
Nc6 9. Be2 Ne4 {N} (9... Be7) (9... Re8) (9... dxc4) 10. Nxe4 dxe4 11. Ne5 (11.
Nd2 e5 12. Bg3 f5 13. b4 Bd6 $36) (11. Qxd8 Rxd8 12. Ne5 Ne7 $5) 11... Qf6 $1
12. Nxc6 (12. Nd7 $2 Bxd7 13. Qxd7 Qxb2 $17) 12... bxc6 13. Qc2 (13. b4 Qc3+
14. Kf1 Be7) 13... a5 14. O-O (14. Qxe4 Qxb2 15. Rb1 Qc3+ $17) 14... e5 15. Bg3
Re8 16. b3 (16. Qxe4 $2 Bf5 17. Qf3 e4 18. Qf4 g5 19. Qc7 Ra7 $19) 16... Bf5
17. Qb2 Qe7 18. Rfb1 f6 19. Bd1 (19. b4 axb4 20. axb4 Rxa1 21. Qxa1 Bxb4 $17)
19... Red8 20. Bc2 Rd2 21. Qc3 Rad8 22. Rd1 $2 (22. b4 $5 axb4 23. axb4 Bxb4
24. Qxb4 Qxb4 25. Rxb4 Rxc2 $17) 22... Rxd1+ 23. Rxd1 Rxd1+ 24. Bxd1 Qd8 $1 25.
Bc2 Bxa3 $19 26. h3 Bb4 27. Qb2 Qd2 28. Kh2 Bg6 29. Qb1 Qe1 30. Qb2 Kf7 31. h4
Ke6 32. h5 Bf5 33. Qa2 Qe2 34. h6 gxh6 35. Qb1 Qe1 36. Qa2 Qc1 37. Bb1 h5 38.
Qa4 Qxb1 39. Qxc6+ Kf7 40. c5 Qxb3 41. Qb7+ Kg6 42. c6 Qe6 43. c7 Qd7 44. Qb6
Kf7 45. Bh4 Be6 46. Qb8 Qc8 47. Qb6 Be7 48. Qxa5 Bd6 49. Qa4 Qxc7 50. Qxe4 f5 {
Ftacnik,L} 0-1

[Event "Amsterdam Euwe Memorial"]
[Site "Amsterdam"]
[Date "1996.03.27"]
[Round "5"]
[White "Kasparov, Garry"]
[Black "Seirawan, Yasser"]
[Result "1-0"]
[WhiteElo "2775"]
[BlackElo "2630"]
[Annotator "Ftacnik,L"]
[PlyCount "67"]
[EventDate "1996.03.22"]
[EventType "tourn"]
[EventRounds "9"]
[EventCountry "NED"]
[EventCategory "18"]
[SourceTitle "CBM 052"]
[Source "ChessBase"]
[SourceDate "1996.06.01"]
[SourceVersion "1"]
[SourceVersionDate "1996.06.01"]
[SourceQuality "1"]

1. d4 {Seirawan Kasparov Fritz} Nf6 2. c4 e6 3. Nf3 d5 4. Nc3 Nbd7 5. Qc2 dxc4
6. e4 c5 7. dxc5 (7. d5 $5 exd5 8. e5 (8. exd5 $5 a6 9. a4 Bd6 10. Bxc4 O-O (
10... Qe7+ $5) 11. O-O h6 $10) 8... Nxe5 $5 9. Nxe5 Bd6 10. Qa4+ Bd7 11. Nxd7
Qxd7 12. Qxd7+ Kxd7 13. Bg5 Rhe8+ 14. Kd2 Ne4+ $44) 7... Bxc5 8. Bxc4 a6 (8...
Ng4 9. O-O a6 10. Bf4 Qf6 11. Qd2 Nge5 12. Nxe5 Nxe5 13. Be2 O-O 14. Bg5 Qg6
15. Be3 Bxe3 16. Qxe3 Bd7 17. f4 Ng4 18. Qg3 Nh6 19. Qxg6 hxg6 20. Rad1 Rfd8
21. Rd2 Bc6 {1/2-1/2 Gulko,B-Ivanov,IV/New York op (08)/1994/ (26)}) 9. a4 Qc7
10. O-O Ng4 (10... Bxf2+ 11. Rxf2 (11. Qxf2 Qxc4 12. e5 Ng4 13. Nd2 Qc5 $1 14.
Qxc5 Nxc5 15. Nc4 f6 $1) 11... Qxc4 12. b3 Qc6 13. Ba3 Ng4 14. Rd2 $40) 11. h3
$5 (11. Ne2 {Seirawan} Bd6 $5 12. h3 Nge5 13. Nxe5 Nxe5 14. b3 $17) 11... Nxf2
(11... Nge5 $142 $1 12. Nxe5 Nxe5 13. Be2 b6 (13... O-O $15) 14. Bf4 Bb7 $17 {
Kasparov}) (11... h5 $5 {Seirawan} 12. b3 $2 Qg3 13. Ba3 $2 Nde5 $19) 12. Rxf2
Bxf2+ 13. Qxf2 Qxc4 14. Qg3 f6 (14... O-O 15. Bh6 g6 16. Bxf8 (16. Rd1 {
Seirawan} Rd8 17. Rd4 Qc5 18. e5 $1 Nf8 (18... Nxe5 $2 19. Qxe5) 19. Ne4 $40)
16... Nxf8 17. e5 $44) (14... Rg8 $5 15. Be3 $13) (14... Qc5+ 15. Kh1 Qf8 16.
e5 $1 (16. Bf4 $2 f6 17. Bd6 Qf7 18. Rf1 Qg6 19. Qf4 b6 $17) 16... f5 17. exf6
gxf6 18. Ne4 Rg8 19. Qc7 Kf7 20. Bg5 $5 fxg5 21. Nfxg5+ $40) 15. Qxg7 Qc5+ 16.
Kh1 Qf8 17. Qg4 Qf7 (17... Nc5 $6 18. Qh5+ Kd8 19. Be3 $40) 18. e5 Rg8 (18...
Nxe5 19. Nxe5 fxe5 20. Ne4 Qg6 (20... Qf1+ 21. Kh2 Rf8 22. Qg7 Qd3 23. Bg5 Qd7
24. Qxe5 $18) 21. Nd6+ Kf8 (21... Kd7 22. Bg5 $1 Kc7 (22... Rg8 23. Qd1 $16) (
22... Kxd6 23. Qb4+ Kc7 24. Qc5+ $18) 23. Rc1+ Kb8 24. Qb4 $18) 22. Qh4 $40)
19. Qc4 {/\ Nc3-e4-d6} f5 (19... Nxe5 20. Nxe5 fxe5 21. Ne4 Qg6 22. Bg5 $40)
20. Bg5 h6 21. Bh4 (21. Bxh6 Qg6 22. Bg5 Nxe5 23. Qc5 Nc6 24. Re1 $40) 21...
Qg6 $6 (21... Nf8 $5 {Kasparov} 22. Qb4 $44 (22. Rd1 Bd7 23. Qc7 $1 Ng6 24. Bf6
)) (21... Kf8 $8 22. Ne2 Kg7 23. Nf4 Nf8 24. Rd1 b5 25. axb5 axb5 26. Qxb5 $44)
22. Rg1 Nf8 (22... Rg7 23. a5 Nf8 24. Na4 Bd7 25. Nb6 Bc6 26. Nxa8 Bxf3 27. Nb6
Bc6 28. Nc8 $40) (22... b5 23. Qc6 Rb8 24. Nd5 $1 exd5 25. e6 $18) 23. Qb4 Rg7
24. Ne2 b5 (24... a5 25. Qb5+ Rd7 26. Nf4 Qf7 27. Nd2 Ng6 28. Nc4 Ra6 29. Nd6+
Raxd6 30. exd6 Nxf4 31. Rc1 $18) (24... Bd7 25. Qxb7 Rc8 26. Nf4 Qf7 27. Rd1
$18) 25. axb5 (25. Nf4 $1 Qf7 26. Bf6 Rg8 27. axb5 $18) 25... Rd7 26. Nf4 Qf7 (
26... Qg8 27. Nh5) 27. Rc1 Bb7 (27... axb5 28. Qxb5 Bb7 29. Rc7 Ra7 30. Kh2 $16
) 28. bxa6 Bxf3 (28... Rxa6 29. Qb5 (29. Nd4 $2 Ng6 30. Nh5 $2 Nxh4 31. Nf6+
Kd8 32. Nxe6+ Rxe6 $1 33. Qa5+ Rc7) 29... Ra8 $1 (29... Ra7 30. Rc7 $16) 30.
Rc7 Bxf3 31. gxf3 Qg8 $1 32. Kh2 Ra1 33. Bf2 Rad1 $1 34. Rc8+ $1 {Fritz} (34.
Nh5 $5 {Seirawan} Kf7 $1 35. Nf6 Rxc7 36. Nxg8 Kxg8 $14) 34... Kf7 35. Nxe6 $1
Nxe6 (35... Kxe6 $2 36. Qb6+) 36. Rxg8 Kxg8 $16) (28... Bxa6 29. Ra1 (29. Qa4
Bb7 $4 30. Qxa8+) 29... Rb7 (29... Rda7 30. Bf2) 30. Qd6 Rba7 31. Bf2 $18) 29.
gxf3 Rda7 30. Rg1 (30. Rc6 Qd7 31. Rd6 $18 (31. Rd6 Qc8 32. Rd8+ Qxd8 33. Bxd8
Rxd8 34. Qb6 Rd1+ 35. Kh2 Rg7 $132)) 30... Rxa6 (30... Qd7 31. Nh5 Qc6 32. Nf6+
Kf7 33. Qf4 Ng6 34. Qg3 $18) 31. Nh5 Qc7 (31... Qxh5 $2 32. Qe7#) 32. Rg7 Ra1+
33. Kg2 Qc2+ 34. Bf2 (34. Bf2 R1a7 35. Nf6+ Kd8 36. Qxf8#) 1-0

[Event "Beersheba"]
[Site "Beersheba"]
[Date "1996.??.??"]
[Round "10"]
[White "Mikhalevski, Victor"]
[Black "Mikhalevski, Alexander"]
[Result "1-0"]
[WhiteElo "2495"]
[BlackElo "2435"]
[Annotator "Ftacnik,L"]
[PlyCount "57"]
[EventDate "1996.03.??"]
[EventType "tourn"]
[EventRounds "11"]
[EventCountry "ISR"]
[EventCategory "10"]
[SourceTitle "CBM 053"]
[Source "ChessBase"]
[SourceDate "1996.08.01"]
[SourceVersion "1"]
[SourceVersionDate "1996.08.01"]
[SourceQuality "1"]

1. d4 d5 2. c4 e6 3. Nc3 Nf6 4. Nf3 Be7 5. cxd5 exd5 6. Bf4 O-O 7. e3 b6 8. Bd3
Bb7 9. O-O c5 10. Ne5 (10. Rc1 Na6 11. Ne5 Nc7 12. Bf5 Nce8 13. dxc5 bxc5 14.
Qb3 Nd6 15. Rfd1 Rb8 16. Qc2 Nxf5 17. Qxf5 Qc8 18. Qxc8 Rbxc8 19. g4 h6 {
1/2-1/2 Hein,C-Ahmels,V/GER-CupT 9091/1991/ (43)}) 10... Na6 11. Qa4 (11. Qf3
Nc7 12. Rad1 Ne6 13. dxc5 Nxc5 14. Bb1 Qc8 15. Qe2 Re8 16. Rfe1 Bd6 17. Nd3
Nxd3 18. Qxd3 Bxf4 19. exf4 h5 20. Rxe8+ Qxe8 21. Ne2 Qa4 22. Nd4 Re8 23. Qd2
Bc8 24. f3 Ba6 {1/2-1/2 Bagirov,V-Lputian,S/Erevan/1982/}) 11... Qc8 12. Bb5 (
12. Bg5 Nb4 (12... c4 13. Bb1 Re8 14. Qd1 g6 15. Qf3 Qe6 16. Bxf6 Bxf6 17. Nxc4
Rac8 18. Nd2 {1-0 Avrukh,B-Florath,P/Groningen op/1995/ (32)}) 13. Be2 Rd8 14.
Rac1 a6 15. a3 Nc6 16. Qb3 Qe6 17. Bxf6 Bxf6 18. Bg4 Qd6 19. Ne4 Qe7 20. Nxf6+
Qxf6 21. Nd7 Qg6 22. Qxb6 Bc8 23. Ne5 {1-0 Avrukh,B-Mikhalevski,A/Beersheba 
(06)/1996/ (27)}) 12... Nb4 (12... Nc7 13. Nc6 Qd7 14. Nxe7+ Qxe7 15. Bc6 $14)
13. a3 cxd4 14. exd4 (14. Rac1 dxc3 15. Rxc3 Qe6 16. axb4 a5 (16... d4 17. Rc7
Bd6 18. Rxb7 Bxe5 19. Rxa7 $16) 17. Rc7 axb4 18. Qb3 Ra5 $13) 14... Qf5 (14...
a6 15. Bd7 Nxd7 16. Qxd7 Qxd7 17. Nxd7 Nc2 18. Rad1 $16) 15. Bg3 a5 (15... a6
16. Bd7 (16. axb4 axb5 17. Qxb5 Qe6 18. Rfe1 $14) 16... Nxd7 17. Qxd7 Qxd7 18.
Nxd7 $16) 16. Bd7 Qh5 (16... Nxd7 17. Qxd7 $16) 17. Qb3 Nd3 (17... Na6 18. Qxb6
Rfb8 19. Nc6 $18) 18. Qxb6 (18. Nxd3 Nxd7 19. Nf4 Qh6 20. Nfxd5 $16) 18... Ba6
(18... Rfb8 19. Nxd3 Nxd7 20. Qb5 $18) 19. Bb5 Rfb8 20. Qc6 Rc8 (20... Bxb5 21.
Nxb5 Nxb2 22. Rfc1 $16) 21. Qxa6 $1 Rxa6 22. Bxa6 Rxc3 (22... Ra8 23. Bxd3 $18)
(22... Nxe5 23. Bxc8 $1 (23. dxe5 Rxc3 24. exf6 (24. bxc3 Ne4 $13) 24... Rxg3
25. fxe7 Rxg2+ 26. Kxg2 Qg4+ $10) 23... Nd3 24. b3 $16) 23. bxc3 Nxe5 24. Bxe5
(24. dxe5 Ne4 $13) 24... Ne4 (24... Ng4 25. Bg3 Qg6 26. Rfe1 Qxa6 27. Rxe7 h6
28. Rae1 $18) 25. Rab1 f6 (25... Bxa3 26. Rb8+ Bf8 27. f3 Qh6 (27... Ng5 28.
Bd6 Ne6 29. Re1 h6 30. Bxf8 Nxf8 31. Ree8 $18) 28. fxe4 Qxa6 29. exd5 a4 30. d6
Qc6 31. c4 a3 32. c5 $18) 26. Rb8+ Bf8 $6 (26... Kf7 27. Bc7 (27. Bb5 g6) 27...
Nxc3 28. Bxa5 Bd6 29. Rb7+ $18) 27. f3 $1 Ng5 (27... fxe5 28. fxe4 $18) 28. Bd6
Ne6 29. Bc8 (29. Bc8 Kf7 (29... Nd8 30. Bd7 Bxd6 31. Rxd8+ Kf7 32. Be8+ $18) (
29... Bxd6 30. Bxe6#) 30. Bxe6+ Kxe6 31. Bxf8 $18) 1-0

[Event "GER-ch"]
[Site "Bad Neuenahr"]
[Date "1991.??.??"]
[Round "9"]
[White "Muse, Mladen"]
[Black "Boensch, Uwe"]
[Result "1-0"]
[WhiteElo "2460"]
[BlackElo "2470"]
[Annotator "Ftacnik,L"]
[PlyCount "73"]
[EventDate "1991.06.??"]
[EventType "tourn"]
[EventRounds "15"]
[EventCountry "GER"]
[EventCategory "7"]
[SourceTitle "CBM 024"]
[Source "ChessBase"]
[SourceDate "1991.10.01"]
[SourceVersion "1"]
[SourceVersionDate "1991.10.01"]
[SourceQuality "1"]

1. d4 d5 2. Nf3 Nf6 3. c4 e6 4. Nc3 Be7 5. Bf4 O-O 6. e3 c5 7. dxc5 Bxc5 8. a3
Nc6 9. Be2 dxc4 10. Qc2 Qe7 11. Bxc4 Rd8 12. O-O Bd6 $6 (12... h6) 13. Bg5 h6
14. Bh4 Ne5 15. Ne4 $1 Ng6 16. Bxf6 gxf6 17. Rfd1 Bc7 18. Rxd8+ Bxd8 19. Rd1
Nf8 (19... Bd7 20. Nxf6+ Qxf6 21. Rxd7 $16) 20. Nd6 Bc7 21. Nb5 Bb8 22. Qe4 f5
23. Qd4 Bd7 24. e4 Bxb5 25. Bxb5 a6 26. exf5 $1 axb5 27. f6 Qc7 (27... Qe8 $5
$13) 28. Qg4+ Ng6 29. h4 Ra4 (29... Qf4 30. Rd8+ Kh7 31. Ng5+ $1 hxg5 32. Qh5#)
30. b4 Rxa3 31. g3 $1 (31. h5 Rd3 $1) 31... h5 32. Qxh5 Ba7 33. Kg2 Ra2 34. Qh6
Rxf2+ 35. Kh3 Nf4+ 36. Kg4 $1 Nh5 37. Kxh5 {Ftacnik,L} 1-0

[Event "Seville op"]
[Site "Seville"]
[Date "1992.??.??"]
[Round "3"]
[White "Gulko, Boris F"]
[Black "Rodriguez Talavera, Juan Carlos"]
[Result "1/2-1/2"]
[WhiteElo "2560"]
[BlackElo "2375"]
[Annotator "Ftacnik,L"]
[PlyCount "66"]
[EventDate "1992.??.??"]
[EventType "swiss"]
[EventRounds "9"]
[EventCountry "ESP"]
[SourceTitle "CBM 029"]
[Source "ChessBase"]
[SourceDate "1992.08.01"]
[SourceVersion "1"]
[SourceVersionDate "1992.08.01"]
[SourceQuality "1"]

1. d4 {Bulletin} Nf6 2. c4 e6 3. Nf3 d5 4. Nc3 Be7 5. Bf4 O-O 6. e3 c5 7. dxc5
Bxc5 8. Qc2 Nc6 9. a3 Qa5 10. O-O-O Be7 11. g4 dxc4 12. Bxc4 e5 13. g5 exf4 14.
gxf6 Bxf6 15. Nd5 Ne7 (15... Be6 {Bulletin} 16. Nxf6+ gxf6 17. Rhg1+ Kh8 18.
Bxe6 fxe6 19. Rd7 $18) 16. Nxf6+ gxf6 17. Rhg1+ (17. Nd4 Qe5 18. Kb1 b5 19. Bd3
Bb7 20. Bxh7+ Kh8 21. exf4 Qh5 22. Be4 Rac8 23. Qd3 $16 {Shabalov,A-Kruppa,Y/
Minsk/1990/}) 17... Kh8 18. Qe4 Ng6 19. Qd4 (19. Rd5 Qc7 20. Qd4 Be6 21. Rc5
Qe7 22. Bxe6 fxe6 23. Kb1 e5 $17 {Shabalov,A-Kruppa,Y/Nab.Chelni/1988/}) 19...
Qb6 20. exf4 {N} (20. Qxb6 axb6 21. Rd6 fxe3 22. fxe3 Ra5 23. Kd2 Rf5 24. Rf1
Rc5 25. Bd3 Rc6 $10 {Kasparov,G-Khalifman,A/Reggio Emilia/1992/}) 20... Qxd4
21. Rxd4 Bf5 22. Kd2 Rac8 23. Rc1 Bg4 24. Rc3 Rcd8 (24... b5 25. Be2 Rxc3 26.
Kxc3 Re8 27. Bd1 $10) 25. Rcd3 Rxd4 26. Nxd4 Nxf4 27. Re3 Ng6 (27... Rd8 28.
Re4 Ne6 29. Rxg4 Nxd4 30. Kc3 $10) 28. Rc3 Ne5 29. Bb3 Rd8 30. Ke3 Re8 31. Kf4
Rd8 32. Ke4 Re8 33. Kf4 Rd8 {Ftacnik,L} (33... Bh5 $15) 1/2-1/2

[Event "Sochi FIDE GP"]
[Site "Sochi"]
[Date "2008.08.13"]
[Round "12"]
[White "Svidler, Peter"]
[Black "Jakovenko, Dmitrij"]
[Result "1-0"]
[WhiteElo "2738"]
[BlackElo "2709"]
[Annotator "Ftacnik,L"]
[PlyCount "159"]
[EventDate "2008.07.31"]
[EventType "tourn"]
[EventRounds "13"]
[EventCountry "RUS"]
[EventCategory "19"]
[SourceTitle "CBM 126"]
[Source "ChessBase"]
[SourceDate "2008.10.01"]
[SourceVersion "1"]
[SourceVersionDate "2008.10.01"]
[SourceQuality "1"]

1. d4 Nf6 2. c4 e6 3. Nf3 d5 4. Nc3 Be7 5. Bf4 O-O 6. e3 Nbd7 7. Qc2 c5 8. dxc5
Nxc5 9. Be2 dxc4 10. Bxc4 Bd7 {The immediate development of the bishop is rare.
Players nearly automatically play 10...a6 11.a4 weakening White's pawn
structure.} (10... a6 11. a4 Bd7 (11... Nd5 12. Bxd5 exd5 13. O-O Be6 14. b4 (
14. Be5 $5) 14... Nd7 15. Rab1 Rc8 16. Qd3 $2 d4 17. Nxd4 Bc4 $17 {Vescovi,
G-Dorfman,J/Elista 1998}) (11... b6 12. b4 (12. O-O Bb7 13. Ne5 Qc8 14. Rac1
Nh5 15. Rfd1 Bf6 16. Bf1 Nxf4 17. exf4 Rd8 18. a5 Bxe5 19. fxe5 bxa5 20. Rd6
Qb8 21. Rcd1 Rc8 22. R1d4 Bc6 {0-1 Svetushkin,D (2546)-Georgiev,K (2626)/Aghia
Pelagia 2004/}) 12... Ncd7 13. b5 axb5 14. Nxb5 $6 Bb4+ 15. Ke2 Bb7 16. Rhd1
Qe7 17. Qb3 Nd5 18. Bg5 f6 19. Bh4 Nc5 20. Qc2 Rfc8 $17 {Tregubov,P-Serafimov,
T/Cergy Pontoise 2003}) 12. O-O Rc8 (12... Qa5 13. Ne5 (13. Rfd1 Rfd8 14. Bf1
Be8 15. Rxd8 Rxd8 16. Ne5 Qb4 17. Nc4 Nd5 $15 {Miralles,G-Spassky,B/FRA 1991})
(13. e4 Bc6 14. Rfe1 Rfd8 15. Bd2 Qc7 16. Rac1 Qd7 17. a5 Rac8 18. Bf4 Qe8 19.
b3 Bb5 20. Red1 Bxc4 21. bxc4 Rxd1+ 22. Rxd1 Rd8 $15 {Romanova,I-Krivonosov,O/
Birstonas 2002}) 13... Rac8 14. Qe2 Rfd8 15. Rfb1 Nce4 $1 16. Nxe4 Nxe4 17. Bd3
Qb4 $15 18. Qf3 Nf6 19. b3 (19. Nxd7 Rxd7 $15) 19... Be8 20. Bc4 Nd5 21. Nd3
Qa5 22. Be5 f6 {1/2 Illescas Cordoba,M (2595)-Vallejo Pons,F (2629)/Dos
Hermanas 2003/ (56)}) 13. a5 Qe8 14. Nd2 Bc6 15. b4 Ncd7 16. Qb3 Nh5 17. Bg3
Nxg3 18. hxg3 Bf6 19. Rac1 Qe7 20. Be2 Rfd8 {1/2 Van Wely,L (2635)-Sokolov,I 
(2620)/Elista 1998/ (35)}) 11. O-O Qb6 (11... Nh5 12. Be5 Rc8 13. Rfd1 Qb6 14.
Bd4 $14) 12. Rfd1 (12. a3 Rfc8 13. Rad1 Be8 14. Rd4 a6 15. Rfd1 Qa7 16. Ba2 b5
17. Be5 Na4 18. Rh4 Nxc3 19. Bxc3 g6 20. Ng5 a5 21. Qe2 b4 {0-1 Suba,M (2530)
-Krogius,N (2475)/Berlin 1997 (37)}) 12... Rfd8 13. Be2 {In this symmetrical
position Svidler's chances of getting a distinct advantage are rather modest.}
(13. a3 Bc6 14. Nd4 Nce4 $11) 13... Be8 (13... Bc6 14. Ne5 Nd5 15. Nxc6 bxc6
16. Nxd5 cxd5 17. Rac1 Rac8 $11) 14. Nd2 Nd5 15. Nc4 Nb4 $2 {Jakovenko guessed
correctly which was the critical square, but he failed to choose the proper
piece.} (15... Qb4 $1 16. Nxd5 (16. Be5 f6 17. Nxd5 exd5 18. Bc3 Qa4 19. b3 Qc6
20. Nd2 Bg6 21. Qb2 Nd3 22. Bxd3 Bxd3 $11) 16... exd5 17. Ne5 Rac8 18. Rac1 (
18. Nd3 Nxd3 19. Qxd3 Bf6 $11) 18... f6 19. Nd3 (19. Nf3 Bg6 20. Qc3 Qxc3 21.
Rxc3 Na4 22. Rxc8 Rxc8 23. Rxd5 Nxb2 $11) 19... Nxd3 20. Qxd3 Rxc1 21. Rxc1
Qxb2 22. Rb1 Qxa2 23. Rxb7 Bg6 24. Qd1 Bc5 $11) 16. Nxb6 Nxc2 17. Nxa8 Nxa1 18.
Rxd8 (18. Nc7 $2 Rxd1+ 19. Bxd1 Bd7 $11) 18... Bxd8 {This position must have
been evaluated by Black when playing the 15th move. White's chances are
distinctly better due to his more active pieces.} 19. Bd6 (19. Nc7 $5 Bd7 (
19... Bxc7 20. Bxc7 Nc2 21. Bb8 a5 22. Bc7 $16) 20. N7b5 a6 21. Nd4 Bf6 22. Bc7
$16) 19... Na4 20. Nd1 $6 (20. Nxa4 Bxa4 21. Nc7 Bc2 (21... Bc6 22. Bd3 Bf6 23.
b3 $16) 22. Nb5 Bb1 23. Nc3 Bg6 24. Bf3 b6 25. Kf1 Nc2 26. Ke2 a5 27. Bc6 Nb4
28. Bb5 $16) 20... Bf6 $2 {The phase of weaker moves ends with Black's mistake.
Better chances of eliminating his opponent's initiative were promised by the
mirror move of the other bishop.} (20... Bc6 $1 21. b3 b6 22. Nc7 Nc5 23. Nb5
Bxb5 24. Bxb5 Nc2 25. Nc3 Nb4 $14) 21. b3 Nc3 22. Nxc3 Bxc3 23. Bf3 Bc6 (23...
b5 24. Nc7 Bd7 25. Be2 b4 26. Bd3 a5 27. Nb5 $16) 24. Bxc6 bxc6 25. Bc5 {
The very impressive location of both knights at the corners of the board
differs by the potential each has to attack the enemy's pawns.} a6 (25... a5
26. Nb6 Nc2 27. Nc4 $16) 26. Nc7 a5 27. Na6 Nc2 28. Nb8 Nb4 (28... Bb4 29. Bb6
Bd6 30. Nxc6 Nb4 31. Nxb4 axb4 32. f4 $16) 29. Bxb4 axb4 30. Nxc6 {[%mdl 4096]
Svidler has won a whole pawn; what is more the weakness on b4 promises success.
} Kf8 31. Kf1 e5 (31... Ke8 32. Ke2 Kd7 33. Nd4 $18) 32. e4 Ke8 33. Ke2 Kd7 34.
Na5 Bd4 35. f3 Bb6 36. Nc4 Bc7 37. Ne3 Kc6 38. Nf5 g6 39. Nh6 f6 40. Kd3 Kc5
41. Nf7 Bb6 42. h4 $1 {Black will have to passively watch White's attempts to
weaken the pawn structure on the kingside.} (42. g4 g5) 42... Kb5 43. h5 $1 Bc5
(43... gxh5 44. Nd6+ Kc5 45. Ne8 Bd8 46. Ng7 Kb5 47. Nxh5 $18) 44. hxg6 hxg6
45. Nh8 $1 g5 46. Nf7 Bb6 47. Nd6+ Kc5 48. Nf5 Kb5 49. g3 $1 {This deep move
is preparing the trip for the white king towards the h7-square.} Bc5 50. Kd2
Bf8 51. Ke2 Bc5 52. Kf1 Kc6 53. Kg2 Kd7 54. Kh3 Ke6 55. Kg4 Kf7 56. Kh5 Bf8 57.
g4 Be7 58. Kh6 (58. Nxe7 $4 Kxe7 59. Kh6 Kd6 $1 $11) 58... Bc5 59. Kh7 Bf8 60.
Kh8 Bc5 {Jakovenko has lost the right to offer the exchange of the bishop,
since the pawn endgame would have been hopeless.} (60... Be7 $2 61. Nxe7 Kxe7
62. Kg7 Ke6 63. Kf8 $18) 61. Nh6+ Kg6 62. Nf5 Kf7 63. Kh7 Bf8 64. Ne3 Bc5 65.
Nc4 Bf8 66. Na5 Bd6 67. Nc6 Bc5 68. Nd8+ Ke7 69. Nb7 $1 Bb6 70. Kg7 {The
converting of the advantage took a long time. White was even forced to
sacrifice the life of his knight for his opponent's pawns.} Ke6 (70... Be3 71.
Na5 Bc5 72. Nc6+ Ke6 73. Nd8+ Ke7 74. Nf7 Ke6 75. Nh6 Be7 76. Ng8 Bd8 77. Kg6
$18) 71. Kf8 Kd7 72. Kf7 Kc7 73. Kxf6 Kxb7 74. Kxg5 {The tragedy for Black
lies in the fact, that it is impossible to stop the advance of the g-pawn
without the sacrifice of the bishop.} Kc6 75. Kf6 Kd6 76. g5 Bd8+ 77. Kf5 Bb6 (
77... Kd7 78. g6 Ke7 79. Kxe5 $18) 78. Kg6 Bd8 79. Kh6 Ke7 80. Kg7 1-0